000 00813nam a2200205Ia 4500
003 GCL
005 20240530095423.0
008 140319s9999 xx 000 0 ara d
020 _a3016189960
040 _aGCL /
_cGCL
082 0 4 _a811.009
_bب ا
100 1 _aالانبارى عبدالرحمن بن محمد
245 1 0 _aاللمعة فى صنعة الشعر :
_bلابى البركات عبدالرحمن بن محمد ابن ابى سعيد الانبارى /
_cالانبارى عبدالرحمن بن محمد
250 _aالاولى
260 _aالرياض :
_bنادى المدينة المنورة الادبى ،
_c1193
300 _a112 ص ؛
_c20 سم
650 0 4 _aالشعر العربى - دواوين وقصائد
650 0 4 _aالشعر - تاريخ ونقد
942 _2ddc
_cBK
999 _c7082
_d7082